Ευρώπος : δοκίμιον επι της οικονομικής και πολιτικής σημασίας του Βέρμιου Ορους και της Δυτικής Μακεδονίας

Αποθηκεύτηκε σε:
Λεπτομέρειες βιβλιογραφικής εγγραφής
Κύριος συγγραφέας: Καραβίδας, Κώστας Δ., 1890-1973
Μορφή: Βιβλίο
Γλώσσα:Greek
Δημοσίευση: Αθήνα : Καστρινάκη και Γεωργαντά,
Θέματα:
Ετικέτες: Προσθήκη ετικέτας
Δεν υπάρχουν, Καταχωρήστε ετικέτα πρώτοι!

MARC

LEADER 00000cam a2200000 i 4500
001 1/98676
008 950317s1925 gre d
035 |l 10011021 
040 |a GR-MY-UA  |b gre  |e aacr 
041 0 |a gre 
082 0 |a 938.944 
100 1 |a Καραβίδας, Κώστας Δ.,   |d 1890-1973. 
245 1 0 |a Ευρώπος :   |b δοκίμιον επι της οικονομικής και πολιτικής σημασίας του Βέρμιου Ορους και της Δυτικής Μακεδονίας /   |c Κ. Δ. Καραβίδα.  
260 |a Αθήνα :   |b Καστρινάκη και Γεωργαντά,  
300 |a 36 σ. 
506 1 |a Μόνο για ανάγνωση.   |c Βρίσκεται σε ειδική συλλογή. Διαθέσιμο εάν ζητηθεί.  
650 0 |a Economic development  |z Greece  |z Kentrikē Makedonia. 
651 0 |a Kentrike Makedonia (Greece)  |x Economic conditions. 
852 |a INST  |b LESVOS  |e 19950317  |h 938.944 ΚΑΡ  |p 005100002290  |q 005100002290  |t BK  |y 0 
909 |a Λ  |b 038262 
970 |z 2000/05/ΟΙΚΟΝΟΜΟΠΟΥΛΟΥ ΧΡΙΣΤΙΝΑ